Countries that start with K quiz - Statistics

General Stats
  • This quiz has been taken 633 times
  • The average score is 5 of 6
Answer Stats
Continent Answer % Correct
Asia Kazakhstan
93%
Africa Kenya
85%
Europe Kosovo
79%
Oceania Kiribati
77%
Asia Kyrgyzstan
76%
Asia Kuwait
69%
No matching quizzes found
Score Distribution
Percent of People with Each Score
Percentile by Number Answered
Your Score History
You have not taken this quiz